Jak se promítne reforma veřejných financí do zdanění pojišťoven?

Vplyv najvýznamnejších navrhovaných zmien na poisťovníctvo. Nepopulárne opatrenia z pohľadu poisťovní. Obmedzenie daňovej uznateľnosti technických rezerv, nákladov na zaistenie a nové pravidlá nízkej kapitalizácie.

Enregistré dans:
Détails bibliographiques
Auteur principal: Antošová, Jana
Format: Chapitre de livre
Langue:tchèque
Sujets:
Tags: Ajouter un tag
Pas de tags, Soyez le premier à ajouter un tag!

MARC

LEADER 00000naa$a2200000$$$4500
001 0056929
005 20230927103136.1
041 0 |a cze 
044 |a CZ 
245 1 0 |a Jak se promítne reforma veřejných financí do zdanění pojišťoven?  |c Jana Antošová 
520 |a Vplyv najvýznamnejších navrhovaných zmien na poisťovníctvo. Nepopulárne opatrenia z pohľadu poisťovní. Obmedzenie daňovej uznateľnosti technických rezerv, nákladov na zaistenie a nové pravidlá nízkej kapitalizácie. 
610 2 0 |a poisťovníctvo 
610 2 0 |a financie verejné 
610 2 0 |a reformy 
610 2 0 |a kapitalizácia 
610 2 0 |a Česko 
100 1 |a Antošová, Jana